00321nam a22001337a 450000500170000000800410001702000180005808200170007610000230009324500150011626000170013130000170014850000220016520250509061156.0250509b |||||||| |||| 00| 0 eng d a9789559824169 222a891bPOO aHaq, Abdul Lareena aPorul Veli bAuthorc2012 aXX, 196 p ., aResearch Articles